Responses for Show #6007 - Tuesday, October 26, 2010

Contestants

[<< previous game]

Jesse Cuevas, a corporate lawyer originally from Leawood, Kansas

Laura Spadanuta, a trade magazine reporter and editor originally from Floral Park, New York

Pam Jones-Pigott, a farmers' market coordinator from Pflugerville, Texas (whose 1-day cash winnings total $16,800)

[next game >>]

Jeopardy! Round responses

19th CENTURY INVENTIONS
LIVE LONG & PROSPER
I'M HENRY VIII, I AM
CHARLIE
THE UNICORN
"TION" THE NONBELIEVERS
    $200 2
a safety pin

Pam
    $200 7
(John D.) Rockefeller

Laura
    $200 1
6

Jesse
    $200 15
Charlie Brown

Laura
    $200 26
Alice

Jesse
    $200 19
an application

Jesse
    $400 10
a photograph

Pam
    $400 8
(Pam: Who is Hilton?)
(Alex: Be more specific.)
(Pam: [*].)

Conrad Hilton

Pam
    $400 3
Martin Luther

Laura
    $400 16
Charlie Hustle

Pam
    $3,000 30
Kirin

Jesse
    $400 20
a contraction

Jesse
    $600 6
a sewing machine

Pam
    $600 13
(William Randolph) Hearst

Jesse
    $600 4
Mary

Laura
    $600 14
Charles Manson

Laura
    $600 27
rhinoceros

Jesse
    $600 21
an eruption

Laura
    $800 11
Otis

Pam
    $800 24
super tankers

Triple Stumper
    $800 5
France

Jesse
    $800 17
Charlie Chan

Laura
    $800 28
The Glass Menagerie

Jesse
    $800 22
an inscription

Laura
    $1000 12
(Rudolf) Diesel

Laura
    $1000 25
(Alex: Less than a minute, now, to deal with the last category.)

(Walter) Annenberg

Laura
    $1000 9
Thomas More

Laura
    $1000 18
Chaplin

Jesse
    $1000 29
(Jesse: What is a "nor-whale"?)

narwhal

Jesse
Triple Stumper
    $1000 23
(Pam: What is an incantation?)

an incarnation

PamLaura

Scores at the first commercial break (after clue 15):

Pam Laura Jesse
$2,400 $4,000 $1,600

Scores at the end of the Jeopardy! Round:

Pam Laura Jesse
$1,800 $8,200 $6,800

Double Jeopardy! Round responses

EUROPEANA
PLAYMATES
SAD LINES
AT THE MOVIE THEATER
MEDICAL ISSUES
"C-P-R"
    $400 11
Secretary of State

Laura
    $400 16
"The Rime of the Ancient Mariner"

Jesse
    $400 10
(Laura: What is FONE?)

FILM

Laura
Triple Stumper
    $400 1
malaria

Pam
    $400 21
chapter

Laura
    $800 24
Lithuania

Jesse
    $800 12
Mad Men

Pam
    $800 17
winter

Jesse
    $800 6
(Jesse: What is surround sound?)

air conditioning

Jesse
Triple Stumper
    $800 2
the adrenal glands

Jesse
    $1200 25
(Pam: What is Lamborghini?)
...
[The end-of-round signal sounds.]
(Alex: And we have to say goodbye to Pam, who finished at -$2,400. You did win yesterday, so you're not going home empty-handed.)

Maserati

Pam
Triple Stumper
    $1200 13
Glenn Miller

Pam
    $1200 18
Keats

Laura
    $1200 7
Regal

Jesse
    $1200 3
a colonoscopy

Pam
    $1600 14
Gypsy

Laura
    $1600 19
(Pam: What is "what might have been"?)
(Laura: What is "quote the raven, 'Nevermore'"?)

"it might have been"

PamLaura
Triple Stumper
    $1600 8
digital

Jesse
    $3,000 4
(Pam: What is nitrogen?)

sodium

Pam
    $1600 23
a chiropractor

Jesse
    $2000 15
Swedish

Laura
    $2000 20
(Alex: With about a minute to go, now, Laura.)

William Wordsworth

Triple Stumper
    $2000 9
(Pam: What's a calliope?)

Wurlitzer

Pam
Triple Stumper
    $2000 5
the hypothalamus

Jesse
    $2000 22
croupier

Triple Stumper

Scores at the end of the Double Jeopardy! Round:

Pam Laura Jesse
-$2,400 $11,800 $15,200

[wagering suggestions for these scores]

Final Jeopardy! Round responses

SPORTS VENUES
(Alex: Now over to Jesse Cuevas, his response was... what? Who is R. Lavar, or Laver, we don't penalize you for misspelled words. [*], Rod the Rocket, you're right.)
LauraWho is Lleyton Hewitt
$11,800
JesseWho is R. Lavar
$8,800
Rod Laver

Final scores:

Pam Laura Jesse
-$2,400 $0 $24,000
3rd place: $1,000 2nd place: $2,000 New champion: $24,000

Game dynamics:

Coryat scores:

Pam Laura Jesse
$600 $11,800 $12,600
10 R,
5 W
(including 1 DD)
17 R,
2 W
18 R
(including 1 DD),
2 W

Combined Coryat: $25,000

[game clues] [game scores] [suggest correction]

Game tape date: 2010-08-23
The J! Archive is created by fans, for fans. Scraping, republication, monetization, and malicious use prohibited; this site may use cookies and collect identifying information. See terms. The Jeopardy! game show and all elements thereof, including but not limited to copyright and trademark thereto, are the property of Jeopardy Productions, Inc. and are protected under law. This website is not affiliated with, sponsored by, or operated by Jeopardy Productions, Inc. Join the discussion at JBoard.tv.